000 00605nam a2200217 a 4500
001 BRCA_5655
005 20190320205153.0
008 220211t1908----gw-a######---#000-0#ger-#
041 _ager
044 _agw
050 4 _aNK1454
_b.S58 1908
100 1 _aSluyterman, K.
_914375
245 1 0 _aAlte Innenraume in Holland
_cK. Sluyterman.
260 _aLeipzig, Alemania
_bK. W. Hiersemann
_c1908
300 _a19 p.
_bil., 100 láminas
_c43 cm.
500 _aEdición con caja y cintillas
500 _aF127
650 1 4 _aDecoración y ornamentación
_zHolanda
_914376
902 _aGFM
942 _2lcc
_cB
999 _c5348
_d5348